Geography Quiz

Random Geography or Asia Quiz

Asia per 2nd Letter Quiz Stats

Quiz Updated Aug 6, 2016

Challenge
Share
Tweet
Embed
Score 0/13 Timer 02:00
9 Plays Today
Letter Country % Correct
ABahrain, Bangladesh, Cambodia, Japan, Kazakhstan, Laos, Malaysia, Maldives, Pakistan, Palestine, Qatar, Saudi Arabia, Tajikistan & Taiwan
99.1%
HBhutan, China, Philippines & Thailand
95.5%
NIndia, Indonesia & United Arab Emirates
86.4%
EGeorgia, Lebanon, Nepal & Yemen
83.6%
OJordan, Mongolia, North Korea & South Korea
81.9%
RArmenia, Brunei, Iran, Iraq & Sri Lanka
80.3%
YKyrgyzstan, Myanmar & Syria
79.4%
FAfghanistan
79.4%
ZAzerbaijan & Uzbekistan
77.3%
ISingapore, Vietnam & Timor-Leste
77.2%
UKuwait, Russia, Turkey & Turkmenistan
76.3%
MOman
73.8%
SIsrael
58%

You're not logged in!

Compare scores with friends on all Sporcle quizzes.
Join for Free
OR
Log In

You Might Also Like...

Show Comments

Extras

Top Quizzes Today


Score Distribution

Your Account Isn't Verified!

In order to create a playlist on Sporcle, you need to verify the email address you used during registration. Go to your Sporcle Settings to finish the process.

Report this User

Report this user for behavior that violates our Community Guidelines.

Details: